Unit operations of chemical engineering. (Record no. 11239)

MARC details
000 -LEADER
fixed length control field 00642nam a2200217Ia 4500
003 - CONTROL NUMBER IDENTIFIER
control field IN-BaIIA
008 - FIXED-LENGTH DATA ELEMENTS--GENERAL INFORMATION
fixed length control field 211028s9999 xx 000 0 eng d
020 ## - INTERNATIONAL STANDARD BOOK NUMBER
International Standard Book Number 0-07-112738-0
040 ## - CATALOGING SOURCE
Transcribing agency IIA Library
080 ## - UNIVERSAL DECIMAL CLASSIFICATION NUMBER
Universal Decimal Classification number 66
Item number MCC
100 ## - MAIN ENTRY--PERSONAL NAME
Personal name McCabe, W. L
9 (RLIN) 19260
245 #0 - TITLE STATEMENT
Title Unit operations of chemical engineering.
Statement of responsibility, etc. Warren McCabe, Julian Smith and Peter Harriott 
250 ## - EDITION STATEMENT
Edition statement 5th ed.
260 ## - PUBLICATION, DISTRIBUTION, ETC.
Place of publication, distribution, etc. New York
Name of publisher, distributor, etc. McGraw-Hill
Date of publication, distribution, etc. 1993
300 ## - PHYSICAL DESCRIPTION
Extent xvii, 1130p.
650 ## - SUBJECT ADDED ENTRY--TOPICAL TERM
Topical term or geographic name entry element Astronomy and astrophysics thesaurus
650 ## - SUBJECT ADDED ENTRY--TOPICAL TERM
Topical term or geographic name entry element Chemical engineering
9 (RLIN) 19261
700 ## - ADDED ENTRY--PERSONAL NAME
Personal name Harriott, P.
9 (RLIN) 19262
700 ## - ADDED ENTRY--PERSONAL NAME
Personal name Smith, J. C.
9 (RLIN) 19263
942 ## - ADDED ENTRY ELEMENTS (KOHA)
Koha item type Books
Holdings
Withdrawn status Lost status Damaged status Not for loan Home library Current library Shelving location Date acquired Cost, normal purchase price Total Checkouts Full call number Barcode Date last seen Cost, replacement price Price effective from Koha item type Purchase Price
        IIA Library-Bangalore IIA Library-Bangalore General Stacks 13/03/1995 472.40   66/ MCC 12154 05/11/2021 472.40 13/03/1995 Books Rs. 472.40

Powered by Koha